[Event "CZE-ch U16 2020"]
[Site "Kouty nad Desnou"]
[Date "2020.03.10"]
[Round "5.11"]
[White "Janouch, Jachym Stepan"]
[Black "Habenicht, Martin"]
[Result "1-0"]
[WhiteElo "1888"]
[BlackElo "1970"]
[Annotator "ChessBase"]
[PlyCount "49"]
[EventDate "2020.03.07"]
[EventCountry "CZE"]
[SourceTitle "playchess.com"]
[Source "ChessBase"]
[SourceQuality "1"]
[TimeControl "5400+30"]

1. e4 {[%emt 0:03:47]} d5 {[%emt 0:00:00]} 2. exd5 {[%emt 0:00:46]} Nf6 {[%emt 0:00:00]} 3. c4 {[%emt 0:00:52]} c6 {[%emt 0:00:02]} 4. d4 {[%emt 0:01:15]} cxd5 {[%emt 0:00:17]} 5. Nc3 {[%emt 0:00:40]} Nc6 {[%emt 0:04:27]} 6. Nf3 {[%emt 0:03:07]} Bg4 {[%emt 0:00:48]} 7. cxd5 {[%emt 0:01:02]} Nxd5 {[%emt 0:01:19]} 8. Qb3 {[%emt 0:00:51]} Bxf3 {[%emt 0:07:06]} 9. gxf3 {[%emt 0:00:09]} Nb6 {[%emt 0:01:51]} 10. d5 {[%emt 0:00:25]} Nd4 {[%emt 0:01:32]} 11. Qd1 {[%emt 0:00:28]} e5 {[%emt 0:05:30]} 12. dxe6 {[%emt 0:00:19]} fxe6 {[%emt 0:16:05]} 13. Be3 {[%emt 0:05:33]} Bc5 {[%emt 0:02:43]} 14. Bxd4 {[%emt 0:06:26]} Qxd4 {[%emt 0:02:04]} 15. Bb5+ {[%emt 0:01:22]} Ke7 {[%emt 0:03:27]} 16. Qe2 {[%emt 0:01:03]} Rhf8 {[%emt 0:06:40]} 17. Rd1 {[%emt 0:01:15]} Qf4 {[%emt 0:03:22]} 18. Rd7+ {[%emt 0:02:24]} Kf6 {[%emt 0:03:59]} 19. Ne4+ {[%emt 0:08:54]} Kg6 {[%emt 0:01:06]} 20. Rg1+ {[%emt 0:02:20]} Kh6 {[%emt 0:00:22]} 21. Rg4 {[%emt 0:11:08]} Nxd7 {[%emt 0:19:09]} 22. Rxf4 {[%emt 0:01:11]} Bb4+ {[%emt 0:03:24]} 23. Kf1 {[%emt 0:01:50]} Rxf4 {[%emt 0:00:10]} 24. Bxd7 {[%emt 0:00:50]} Raf8 {[%emt 0:00:35]} 25. Qc4 {[%emt 0:02:56]} 1-0

[Event "CZE-ch U16 2020"]
[Site "Kouty nad Desnou"]
[Date "2020.03.10"]
[Round "5.12"]
[White "Jirousek, Jan"]
[Black "Rokos, Filip"]
[Result "1-0"]
[WhiteElo "1887"]
[BlackElo "2127"]
[Annotator "TA"]
[PlyCount "95"]
[EventDate "2020.03.07"]
[EventCountry "CZE"]
[SourceTitle "playchess.com"]
[Source "ChessBase"]
[SourceQuality "1"]

{[%evp 28,95,0,0,2,-1,0,-29,-18,-34,-33,-27,0,-25,-22,-52,-10,-58,-46,-36,-28,-126,-111,-127,-51,-74,-4,-4,0,-56,-56,-81,-71,-66,-9,-5,-6,-36,-19,-106,-19,-15,0,-112,-112,-109,-122,-92,0,0,172,154,208,202,180,197,194,195,200,189,184,184,183,167,267,267,267,267,267,267]} 1. d4 Nf6 2. c4 e6 3. Nc3 d5 4. Nf3 Be7 5. Bg5 h6 6. Bh4 O-O 7. e3 b6 8. cxd5 Nxd5 9. Bxe7 Qxe7 10. Nxd5 exd5 11. Rc1 Be6 12. Qa4 c5 13. Qa3 Rc8 14. Be2 a5 15. O-O Qa7 {D59: Queen's Gambit Declined: Tartakower Defence: Main line (8 cxd5 Nxd5).} 16. dxc5 bxc5 17. Rfd1 Nd7 {[%cal Bb8d7,Bd7f6,Bf6e4][%mdl 32] [#] Black has an edge.} 18. Rd2 $146 ({Predecessor:} 18. Ne1 Qb6 19. Nd3 c4 20. Nf4 Nf6 21. h3 Qb4 22. e4 Nxe4 23. Nxd5 Bxd5 24. Rxd5 {½-½ (24) Lubas,J (2439)-Latronico,N (2548) ICCF email 2006}) 18... Qb6 19. Rdc2 Qb4 20. Qd3 Rcb8 21. Bd1 Ra7 22. Rd2 Nf6 23. a3 Qb6 24. Ba4 (24. Bc2 $11 {remains equal.}) 24... Ne4 25. Rdc2 Qd6 (25... c4 $17 26. Qd1 Nc5) 26. Rd1 $15 f5 (26... Ra6 $17) 27. Nd2 $11 Qe5 (27... Rab7 {seems wilder.} 28. Qe2 Bf7 29. b3 Rc7 30. Qe1 Qb6) 28. Nxe4 (28. f4 $11 Qc7 29. Nxe4 fxe4 30. Qc3) 28... fxe4 $15 29. Qc3 Qxc3 30. Rxc3 Rxb2 ({Better is} 30... c4 $15 31. Rc2 Rb6) 31. Rxc5 $11 Ra2 32. Rc3 Rb7 33. Bb3 (33. h4 $11) 33... Rb2 (33... Rxa3 $17 34. Bxd5 Rxc3 35. Bxb7 a4) 34. Bc2 Ra2 (34... Kf7 $11) 35. Bb3 $17 Rxa3 36. Bxd5 Rxc3 37. Bxb7 {[%mdl 4096] Endgame KRB-KRB} Bb3 ({Black should play} 37... a4 $17 38. Kf1 a3 39. Bxe4 a2) 38. Ra1 $11 Bc2 $2 {[#]} (38... a4 $11) 39. Rxa5 Bd3 (39... g5 $16 40. h4 Rc7) 40. h3 Rc7 41. Bd5+ Kh7 42. Ra4 Re7 43. Rd4 Bb1 44. Rb4 Bd3 45. Rb6 Rd7 (45... h5 $142 46. Be6 g6) 46. Be6 $18 {White has a decisive advantage.} Rc7 47. Bf5+ Kg8 48. Rb4 {Accuracy: White = 65%, Black = 58%.} 1-0

[Event "CZE-ch U16 2020"]
[Site "Kouty nad Desnou"]
[Date "2020.03.11"]
[Round "6.1"]
[White "Frank, Adam"]
[Black "Kusa, Jakub"]
[Result "1-0"]
[WhiteElo "2196"]
[BlackElo "2188"]
[Annotator "TA"]
[PlyCount "61"]
[EventDate "2020.03.07"]
[EventCountry "CZE"]
[SourceTitle "playchess.com"]
[Source "ChessBase"]
[SourceQuality "1"]

{[%evp 21,61,31,35,40,38,7,54,-44,27,31,62,0,0,-54,-49,-90,-106,-110,15,8,13,11,90,0,121,100,160,164,152,164,157,157,143,143,980,975,1085,1080,5557,2310,2098,308]} 1. e4 e5 2. Nf3 Nc6 3. Bb5 a6 4. Ba4 Nf6 5. O-O Nxe4 6. d4 b5 7. Bb3 d5 8. dxe5 Be6 9. c3 Be7 10. Be3 Nc5 11. Bc2 Nd7 12. Nd4 {C83: Open Ruy Lopez: 9 c3 Be7.} Ncxe5 13. f4 Nc4 {[#]} (13... Ng4 $5 {[%cal Rg4e3]} 14. Bc1 Ndf6 $16) 14. Nxe6 $146 (14. Bf2 $1 $14 Nf6 15. Nc6) ({Predecessor:} 14. Bc1 Nf6 15. b3 Nd6 16. Nc6 Qd7 17. Ne5 Qc8 18. Nc6 Qd7 19. Ne5 Qc8 20. Nc6 Qd7 21. Ne5 {½-½ (21) Hovhannisyan,R (2608)-Meskovs,N (2524) Riga 2018}) 14... fxe6 ({Black should try} 14... Nxe3 $15 15. Nxd8 Nxd1 16. Rxd1 Rxd8) 15. Qh5+ $11 Kf8 16. Bd4 (16. Bf2 $1 $14) 16... Bf6 {Threatens to win with ...Bxd4+.} 17. Bxf6 (17. Bf2 $11) 17... Nxf6 $15 18. Qh3 Qd6 {Strongly threatening ...Qb6+.} (18... Nxb2 $6 19. Nd2 $11) 19. Kh1 {and if b3 works, White does fine.} Re8 ({Black should play} 19... Qb6 $17 {...Ne3 is the strong threat.} 20. Na3 Nxb2) 20. b3 $11 Nb6 21. Nd2 Nbd7 {[#]} (21... Kg8 $11 {remains equal.}) 22. Rae1 (22. g4 $1 $16) 22... e5 (22... h5 $11 {keeps the balance.}) 23. Bg6 hxg6 (23... Re7 $142) 24. Qxh8+ $16 Kf7 25. fxe5 Nxe5 26. Qh3 Kg8 27. Nf3 Ne4 $2 {[%mdl 8192] [#] Loses the game.} (27... Nxf3 $16 28. Rxe8+ (28. gxf3 Rxe1 29. Rxe1 Qf4 $16) (28. Qxf3 Re4 $16) 28... Nxe8) 28. Rxe4 $1 $18 {[%mdl 576] Threatening mate with Ng5! Remove Defender. White is clearly winning.} dxe4 29. Ng5 {[%csl Gg5][%cal Rh3h7]} Nf3 30. Qh7+ Kf8 31. Qh8+ {Accuracy: White = 68%, Black = 36%.} 1-0

[Event "CZE-ch U16 2020"]
[Site "Kouty nad Desnou"]
[Date "2020.03.11"]
[Round "6.2"]
[White "Mach, Petr"]
[Black "Vojta, Jakub"]
[Result "0-1"]
[WhiteElo "2045"]
[BlackElo "2214"]
[Annotator "TA"]
[PlyCount "74"]
[EventDate "2020.03.07"]
[EventCountry "CZE"]
[SourceTitle "playchess.com"]
[Source "ChessBase"]
[SourceQuality "1"]

{[%evp 11,74,22,50,50,56,39,52,20,15,20,30,0,0,0,0,0,-10,-20,-34,-107,-88,-90,-111,-103,-88,-100,-132,-131,-78,-85,-79,-110,-102,-122,0,-10,0,0,0,0,-2,-139,-131,-134,-134,-209,-191,-303,-294,-322,-314,-289,-291,-346,-242,-1647,-1488,-29989,-29990,-29993,-29994,-29994,-29992,-29992,-29993]} 1. c4 c5 2. Nc3 Nf6 3. g3 d5 4. cxd5 Nxd5 5. Bg2 Nc7 6. Qa4+ Qd7 7. d3 {A34: Symmetrical English: 2 Nc3, lines with ...d5.} e5 8. Be3 Be7 9. Nf3 {White is slightly better.} Nc6 10. Rc1 Rb8 {[#]} 11. Nd2 $146 ({Predecessor:} 11. a3 b6 12. O-O f6 13. b4 cxb4 14. axb4 Nxb4 15. Qxa7 Ra8 16. Nxe5 Rxa7 17. Nxd7 Kxd7 18. Bxb6 {½-½ (68) Nowak,I (2355)-Santos,L (2365) Poznan 1983}) 11... b5 12. Qd1 Nd4 13. Nce4 Nce6 14. Nb3 {[%cal Re4c5]} Bb7 15. O-O (15. f3 $15) 15... Rc8 $17 16. Bxd4 exd4 17. a4 f5 18. Ned2 Bxg2 (18... bxa4 $6 19. Bxb7 Qxb7 20. Na5 $11) 19. Kxg2 Qd5+ ({Much less strong is} 19... bxa4 20. Na5 $15) ({Better is} 19... c4 20. dxc4 bxa4) 20. Kg1 {[#]} a6 $1 {[%cal Ba7a6,Ba6b5][%mdl 32]} ({Of course not} 20... bxa4 $6 21. Na5 $11) 21. axb5 axb5 22. Na5 Bg5 (22... O-O $17 23. Qb3 Qd7) 23. f4 (23. b4 $5) 23... Bf6 $40 {[%mdl 128] Black mounts an attack.} 24. b4 $1 Ke7 25. bxc5 Nxc5 26. Ndb3 (26. Nf3 $11 {remains equal.}) 26... Na4 27. Rxc8 Rxc8 28. Qa1 (28. Nd2 $17 {was called for.}) 28... Nc3 29. Re1 (29. Nc1 {was worth a try.}) 29... Kf7 $19 {Threatens to win with ...g5.} 30. Qb2 Bd8 31. Ra1 Bb6 32. Nc1 {If White can now play Qb3 this consolidates a bit.} Ra8 33. Nab3 $2 (33. Nc4 Nxe2+ 34. Nxe2 Rxa1+ 35. Qxa1 bxc4 36. Nc1) 33... Nd1 {[#] ( -> ...Ne3)} 34. e4 dxe3 {Black mates.} ({Weaker is} 34... Nxb2 35. exd5 Ra4 36. Kf2 $17) 35. Qe2 Nf2 {[%csl Gf2][%cal Rd5h1]} 36. Qh5+ Kg8 {[%csl Gf2][%cal Rd5h1]} 37. Rxa8+ Qxa8 {Accuracy: White = 55%, Black = 83%.} 0-1

[Event "CZE-ch U16 2020"]
[Site "Kouty nad Desnou"]
[Date "2020.03.11"]
[Round "6.3"]
[White "Placer, Sebastian"]
[Black "Gnojek, Petr"]
[Result "0-1"]
[WhiteElo "2189"]
[BlackElo "2129"]
[Annotator "TA"]
[PlyCount "104"]
[EventDate "2020.03.07"]
[EventCountry "CZE"]
[SourceTitle "playchess.com"]
[Source "ChessBase"]
[SourceQuality "1"]

{[%evp 10,104,50,37,40,35,29,41,25,17,25,14,16,12,40,8,12,2,6,5,10,0,7,0,15,-9,-19,-95,-76,-104,-114,-108,-100,-112,-104,-101,-91,-96,-83,-86,-97,-122,-119,-165,-145,-199,-103,-218,-188,-210,-158,-167,-165,-134,-60,-276,-241,-270,-260,-230,-152,-202,-123,-116,-43,-39,-46,-37,-31,-40,-19,-341,-340,-345,-316,-475,-472,-403,-433,-662,-649,-639,-615,-756,-755,-750,-709,-936,-860,-1068,-1041,-1100,-1109,-29975,-29975,-29992,-29992]} 1. e4 d6 2. d4 Nf6 3. Nc3 g6 4. Bg5 Bg7 5. Qd2 h6 6. Bf4 a6 {B07: Pirc Defence: Miscellaneous Systems.} 7. Nf3 b5 {[#]} 8. Bd3 $146 ({Predecessor:} 8. a3 Bb7 9. d5 c6 10. O-O-O Nbd7 11. Be2 cxd5 12. exd5 Nb6 13. h4 Nfxd5 14. Nxd5 Nxd5 {0-1 (43) Chernetskiy,M (2374)-Tkachiev,V (2636) Warsaw 2010}) 8... Bb7 {White is slightly better.} 9. a3 e6 10. O-O g5 11. Be3 Ng4 12. Rad1 Nd7 13. Ne2 c5 14. c3 Nxe3 15. Qxe3 g4 $36 {[%mdl 2048] Black has some pressure.} 16. Nd2 Qg5 17. Qxg5 hxg5 18. f4 (18. Ra1 $11) 18... gxf3 19. Nxf3 g4 20. Nd2 Ke7 21. Rf4 Rhg8 22. Nf1 Bh6 23. Rf2 cxd4 24. cxd4 Rac8 25. Bb1 Nb6 26. Neg3 Rc4 27. Ba2 (27. b3 $17 {was called for.} Rc3 28. Rb2) 27... Rc7 (27... Rc1 $19 28. Rxc1 Bxc1) 28. Bb3 (28. d5 $17) 28... Rgc8 29. Rd3 a5 30. Bd1 Rc1 31. Bxg4 {[#]} R8c2 (31... Nc4 $1 $17 {White must now prevent ...Be3.} 32. Kh1 Rg8) 32. Bd1 $2 (32. Ne2 $15 Rxf1+ 33. Rxf1 Bxe4 34. Rh3) 32... Rxf2 $19 33. Kxf2 Nc4 34. Be2 Rc2 ({Not} 34... Nxb2 35. Rb3 $15) 35. Rb3 Bg7 ({Inferior is} 35... Nxb2 36. Ne3 $11) 36. Kf3 Bxd4 ({Black should try} 36... d5 $17 {Hoping for ...dxe4+.} 37. Bxc4 dxe4+ 38. Kg4 Rxc4) 37. Bxc4 $1 $15 Rxc4 38. Rxb5 Bc6 39. Rxa5 {White wants to play Ne3.} Rc2 40. Ne2 $2 {[%mdl 8192]} (40. Ne3 $11 Rd2 41. Ne2) 40... Bb6 $19 ({Weaker is} 40... Bxb2 41. Ne3 $11) 41. Ra6 Rxb2 42. Nfg3 (42. Neg3 $142) 42... f5 43. Kf4 fxe4 44. a4 (44. h4 $142) 44... Bb7 45. Rxb6 Rxb6 {[%mdl 4096] Endgame KRB-KNN} 46. a5 e5+ 47. Kf5 Rb2 48. h4 e3 49. h5 Ba6 50. h6 Bxe2 51. h7 Bd3+ {[%mdl 64] [#] Discovered Attack} 52. Ne4 Rb8 {Accuracy: White = 45%, Black = 77%.} 0-1

[Event "CZE-ch U16 2020"]
[Site "Kouty nad Desnou"]
[Date "2020.03.11"]
[Round "6.4"]
[White "Nytra, Ondrej"]
[Black "Ret, Adam Josef"]
[Result "0-1"]
[WhiteElo "2181"]
[BlackElo "1999"]
[Annotator "TA"]
[PlyCount "80"]
[EventDate "2020.03.07"]
[EventCountry "CZE"]
[SourceTitle "playchess.com"]
[Source "ChessBase"]
[SourceQuality "1"]

{[%evp 16,80,13,0,2,9,11,15,19,0,16,-11,28,22,29,26,32,29,18,-185,-177,-170,-173,-180,-174,-187,-165,-173,-162,-154,-157,-383,-221,-378,-400,-393,-395,-391,-395,-385,-386,-394,-359,-358,-342,-404,-404,-445,-442,-494,-501,-498,-493,-467,-437,-441,-383,-488,-480,-468,-462,-593,-591,-765,-725,-4132,-1172]} 1. e4 c5 2. Nf3 Nc6 3. d4 cxd4 4. Nxd4 Nf6 5. Nc3 d6 6. Be2 e5 7. Nf3 h6 8. O-O Be7 9. b3 Be6 {B58: Classical Sicilian: 6 Be2.} 10. Bb2 Rc8 11. Re1 O-O {The position is equal.} 12. Bf1 Qa5 {[#]} 13. Nb5 $146 ({Predecessor:} 13. h3 Rfd8 14. Qe2 Bf8 15. Rad1 a6 16. g3 Ne7 17. Qe3 b5 18. a3 Rc6 19. b4 {0-1 (44) Kuchar,M (1990)-Miton,K (2584) Katowice 2017}) 13... Rfd8 14. c4 $1 Bg4 15. h3 Bh5 16. Bc3 Qb6 17. Qd3 $2 (17. Bd2 $11) 17... a6 $36 {[%mdl 2048] Black has strong initiative.} 18. Na3 d5 $1 {[%cal Rd5e4][%mdl 64] Discovered Attack} 19. exd5 Bxa3 20. Nxe5 Nxe5 21. Rxe5 Bc5 22. Qd2 Qc7 23. b4 $2 {[#] This costs White the game.} (23. Ree1 $17) 23... Bd6 (23... Bxb4 $142 $1 {[%mdl 512] White must now prevent ...Qxe5!} 24. Bxb4 Qxe5) 24. Ree1 $2 {[#]} (24. Rae1) 24... Nxd5 $1 {[%mdl 576] Pin} 25. Bxg7 (25. cxd5 Qxc3) 25... Kxg7 26. cxd5 Qc3 27. Qxc3+ Rxc3 28. b5 axb5 29. Bxb5 Rc5 30. a4 Rxd5 31. Rab1 Bc5 32. a5 Bg6 33. Rb2 Bd4 34. Rb3 Rf5 35. Rf1 Rdd5 36. Bc4 Rxa5 {Black is clearly winning.} 37. Rxb7 Rf4 38. Be2 Ra2 39. Re7 Kf8 40. Bc4 Bxf2+ {Accuracy: White = 43%, Black = 78%.} (40... Raxf2 $142 41. Rfe1 Re2+ {[%mdl 64] Discovered Attack} 42. Kh2 Rxe7) 0-1

[Event "CZE-ch U16 2020"]
[Site "Kouty nad Desnou"]
[Date "2020.03.11"]
[Round "6.5"]
[White "Neumann, Filip"]
[Black "Nezval, Filip"]
[Result "1-0"]
[WhiteElo "2084"]
[BlackElo "1940"]
[Annotator "TA"]
[PlyCount "143"]
[EventDate "2020.03.07"]
[EventCountry "CZE"]
[SourceTitle "playchess.com"]
[Source "ChessBase"]
[SourceQuality "1"]

{[%evp 9,143,-2,0,-2,19,25,22,4,20,8,34,29,33,33,51,31,22,8,19,0,0,0,0,0,0,-67,0,0,18,18,24,29,82,82,82,82,77,77,77,77,79,28,104,36,54,71,33,22,27,25,29,22,22,22,22,22,122,122,137,137,137,137,137,137,137,137,137,137,137,137,137,137,137,137,137,137,137,0,137,137,137,137,138,138,268,266,266,266,491,475,638,608,599,616,685,684,665,635,611,561,547,450,669,703,622,0,560,411,580,395,427,264,480,410,687,658,759,719,1464,1418,1354,1336,1130,1010,1676,1700,2331,2041,6701,6439,29976,29977,29975,29978,29978,29980]} 1. d4 Nf6 2. Bg5 d5 3. Bxf6 exf6 4. e3 Bf5 5. c4 Bxb1 6. Qa4+ {[#] D00: 1 d4 d5: Unusual lines.} c6 $146 {Threatens to win with ...Bg6.} ({Predecessor:} 6... Nc6 7. Rxb1 Bb4+ 8. Kd1 dxc4 9. Bxc4 O-O 10. Nf3 a6 11. Bd3 Re8 12. a3 Bf8 13. Kd2 {0-1 (40) Torres,J (2339)-Rodriguez Rueda,P (2257) Bogota 2013}) 7. Rxb1 dxc4 8. Qxc4 {The position is equal.} Bd6 9. Nf3 Qe7 10. a3 a5 11. Bd3 Nd7 {[%cal Bb8d7,Bd7f6,Bf6d5][%mdl 32]} 12. O-O O-O 13. Rfc1 g6 14. Nd2 f5 15. Qb3 Nf6 16. Nc4 Bc7 17. Nb6 ({White should play} 17. g3 $11) 17... Bxb6 (17... Rad8 $15 18. g3 f4 19. exf4 (19. gxf4 Ng4 $17) 19... Rxd4) 18. Qxb6 $11 Nd5 19. Qc5 Qg5 20. Be2 a4 (20... Rfb8 $11 {keeps the balance.}) 21. Bf3 $16 Rfd8 22. b4 axb3 23. Rxb3 Rd7 24. Rcb1 Qe7 25. Qxe7 ({Better is} 25. Bxd5 $1 $16 {Qxe7 is the strong threat.} Qxc5 26. Bxf7+ $1 {[%mdl 512]} (26. dxc5 Rxd5 27. Rc1 Ra7 $11) 26... Kxf7 27. dxc5) 25... Rxe7 (25... Nxe7 $11 26. Rxb7 Rxb7 27. Rxb7 Rxa3) 26. Rxb7 (26. Bxd5 $16 {Black must now prevent Bf3.} cxd5 27. g3 (27. Rxb7 Rxb7 28. Rxb7 Rxa3 $14)) 26... Rxb7 $14 27. Rxb7 Rxa3 $16 {[%mdl 4096] Endgame ( -> ...Ra1+). KRB-KRN} 28. g3 (28. h4 {seems wilder.} f4 29. e4 Nc3 30. e5 Ra2 31. h5) 28... Ra6 29. Kf1 Kf8 30. h4 h5 31. Kg2 Kg7 32. Rd7 Nb4 {[#]} (32... Ra5 $11 {remains equal.}) 33. Be2 $1 {[%cal Re2a6]} Ra8 34. Bc4 Nd5 35. Bxd5 cxd5 36. Rxd5 {KR-KR} Kf6 37. Rd6+ Ke7 38. Rb6 Ra2 39. Rb3 Ke6 40. Rd3 Kd5 41. Rd1 Rb2 42. Kf1 Ke4 {intending ...Kf3.} 43. Kg2 Kd5 $1 44. Kf3 {White stays focused until the end.} Ra2 45. Re1 Rb2 46. Re2 Rb3 (46... Rb7 $16 {might work better.} 47. Kf4 Kd6) 47. Kf4 $18 Rb5 48. Rc2 Rb7 $2 (48... Ke6 49. Kg5 Rb6) 49. Kg5 Ke4 50. Rd2 Rb6 51. Kh6 Rd6 52. Kg7 Rd7 53. Kf6 Kd5 54. Rc2 Ke4 55. Kg7 Ra7 (55... Kf3 $142 56. Rb2 Ra7) 56. Rc6 Kf3 57. Rc2 Ke4 58. Rb2 Rc7 (58... Kf3 {was necessary.} 59. Rc2 Rb7) 59. Ra2 Rb7 60. Kf8 Kd5 $2 (60... f6 61. Ra6 Kf3 62. Rxf6 Kxf2) 61. Ra5+ Ke6 (61... Ke4 $142 62. Re5+ Kf3) 62. Ra6+ Kd5 63. Rf6 Rb2 64. Kxf7 Rxf2 65. Kxg6 Ke4 66. Re6+ Kf3 67. Kxh5 Kxg3 68. Kg5 Re2 69. Kxf5 Kxh4 70. d5 {White mates.} Rf2+ 71. Kg6 Kg4 72. d6 {Accuracy: White = 85%, Black = 54%.} 1-0

[Event "CZE-ch U16 2020"]
[Site "Kouty nad Desnou"]
[Date "2020.03.11"]
[Round "6.6"]
[White "Barak, David"]
[Black "Vantuch, Lucian"]
[Result "1-0"]
[WhiteElo "2114"]
[BlackElo "1891"]
[Annotator "TA"]
[PlyCount "67"]
[EventDate "2020.03.07"]
[EventCountry "CZE"]
[SourceTitle "playchess.com"]
[Source "ChessBase"]
[SourceQuality "1"]

{[%evp 20,67,50,39,48,39,91,45,58,60,64,46,100,76,132,133,143,132,246,220,275,272,407,318,483,473,455,398,545,537,514,414,562,504,588,578,642,638,651,650,784,486,1257,1282,29991,29992,29992,29993,29993,29994]} 1. d4 Nf6 2. c4 e6 3. Nf3 Bb4+ 4. Bd2 c5 5. Bxb4 cxb4 6. a3 bxa3 7. Rxa3 d6 8. Nc3 O-O 9. e3 Nc6 10. Be2 e5 11. O-O Bg4 {E11: Bogo-Indian.} 12. Qd2 {[#]} Qe7 $146 (12... a6 $14) ({Predecessor:} 12... a5 13. Rd1 Re8 14. Nb5 Qe7 15. h3 Bh5 16. Qe1 Nb4 17. Nxd6 Qxd6 18. dxe5 Qb6 19. exf6 {½-½ (37) Bosman,M (2322)-Ikonnikov,V (2544) Leiden 2016}) 13. Rd1 e4 {White is slightly better.} 14. Ne1 Bxe2 15. Qxe2 Nd7 {White now steadily converts the win.} ({Better is} 15... Rfc8 $14) 16. Nd5 {[%cal Bc3d5,Bd5c7,Bc7b5,Bb5d6][%mdl 32]} Qh4 (16... Qd8 $142) 17. Nc7 $16 Rab8 18. Nb5 f5 (18... d5 $16) 19. Nxd6 $18 Rf6 {[#] White must now prevent ...Rh6.} 20. c5 Rbf8 (20... Qh6 $142 21. Qc4+ Kf8) 21. f4 g5 (21... b6 $142 22. Qb5 Ndb8) 22. g3 Qh6 23. Ng2 Kh8 24. fxg5 Qxg5 25. Nf4 Rh6 26. Rf1 Nd8 27. Rxa7 Nf6 28. Rf2 Ng4 29. Rg2 Ne6 30. Rxb7 Nxh2 (30... Qf6 $142 31. Nxe4 Nxf4 32. gxf4 Qa6 33. Qxa6 Rxa6) 31. Nxe6 Ra8 32. Nxg5 {White mates.} Ra1+ 33. Kf2 Ng4+ {[#]} 34. Qxg4 $3 {Accuracy: White = 69%, Black = 18%.} 1-0

[Event "CZE-ch U16 2020"]
[Site "Kouty nad Desnou"]
[Date "2020.03.11"]
[Round "6.7"]
[White "Volak, Simon"]
[Black "Jun, Rudolf Jr."]
[Result "1/2-1/2"]
[WhiteElo "1937"]
[BlackElo "2104"]
[Annotator "ChessBase"]
[PlyCount "78"]
[EventDate "2020.03.07"]
[EventCountry "CZE"]
[SourceTitle "playchess.com"]
[Source "ChessBase"]
[SourceQuality "1"]
[TimeControl "5400+30"]

1. e4 {[%emt 0:00:00]} c5 {[%emt 0:00:00]} 2. Nf3 {[%emt 0:00:00]} Nc6 {[%emt 0:00:00]} 3. d4 {[%emt 0:00:01]} cxd4 {[%emt 0:00:11]} 4. Nxd4 {[%emt 0:00:08]} Nf6 {[%emt 0:00:29]} 5. Nc3 {[%emt 0:00:33]} e5 {[%emt 0:00:13]} 6. Ndb5 {[%emt 0:00:25]} d6 {[%emt 0:00:27]} 7. Bg5 {[%emt 0:00:31]} a6 {[%emt 0:00:24]} 8. Na3 {[%emt 0:00:08]} b5 {[%emt 0:00:25]} 9. Nd5 {[%emt 0:00:24]} Be7 {[%emt 0:00:28]} 10. Bxf6 {[%emt 0:00:12]} Bxf6 {[%emt 0:00:08]} 11. c3 {[%emt 0:00:22]} Bg5 {[%emt 0:05:33]} 12. Nc2 {[%emt 0:00:50]} O-O {[%emt 0:00:46]} 13. a4 {[%emt 0:01:09]} bxa4 {[%emt 0:01:53]} 14. Rxa4 {[%emt 0:00:25]} a5 {[%emt 0:01:19]} 15. Bc4 {[%emt 0:00:55]} Bd7 {[%emt 0:00:19]} 16. Ra2 {[%emt 0:05:38]} Kh8 {[%emt 0:02:46]} 17. Nce3 {[%emt 0:03:37]} Be6 {[%emt 0:11:34]} 18. b3 {[%emt 0:11:47]} Ne7 {[%emt 0:06:39]} 19. Qd3 {[%emt 0:23:46]} f5 {[%emt 0:10:36]} 20. Nxe7 {[%emt 0:04:47]} fxe4 {[%emt 0:10:01]} 21. Qxe4 {[%emt 0:01:02]} Qxe7 {[%emt 0:00:29]} 22. O-O {[%emt 0:06:10]} Bxe3 {[%emt 0:04:15]} 23. Qxe3 {[%emt 0:02:34]} Bxc4 {[%emt 0:03:15]} 24. bxc4 {[%emt 0:00:05]} Qc7 {[%emt 0:02:55]} 25. Ra4 {[%emt 0:05:07]} Rf4 {[%emt 0:01:41]} 26. Qd3 {[%emt 0:02:04]} Raf8 {[%emt 0:03:47]} 27. Qd5 {[%emt 0:03:31]} Qb6 {[%emt 0:01:03]} 28. Ra2 {[%emt 0:04:12]} Qb3 {[%emt 0:03:27]} 29. Qxa5 {[%emt 0:06:08]} Qxc4 {[%emt 0:02:41]} 30. Qa6 {[%emt 0:02:22]} Qc5 {[%emt 0:02:31]} 31. Qa5 {[%emt 0:04:12]} Qc4 {[%emt 0:00:13]} 32. Qa6 {[%emt 0:00:15]} h6 {[%emt 0:00:32]} 33. Qxc4 {[%emt 0:01:00]} Rxc4 {[%emt 0:00:12]} 34. Rd2 {[%emt 0:00:03]} Rd8 {[%emt 0:01:09]} 35. Rfd1 {[%emt 0:01:05]} Rxc3 {[%emt 0:00:51]} 36. h3 {[%emt 0:00:10]} Rc6 {[%emt 0:00:50]} 37. Rd5 {[%emt 0:00:21]} Kg8 {[%emt 0:00:11]} 38. Rxe5 {[%emt 0:01:03]} dxe5 {[%emt 0:00:08]} 39. Rxd8+ {[%emt 0:00:07]} Kf7 {[%emt 0:00:03]} 1/2-1/2